Top 15 najlepiej podających kart w fifie 22 [zwykłe karty - Statystyki

Ogólne statystyki
  • Ten quiz został rozwiązany 15 razy
  • Średni wynik to 3 z 15
Statystyki odpowiedzi
podania ocena zawodnik % Poprawnych
93 PASS 91 Kevin De Bruyne
86%
91 PASS 93 LionelMessi
64%
89 PASS 87 LukaModrić
50%
91 PASS 88 Toni Kroos
43%
89 PASS 88 BrunoFernandes
29%
88 PASS 82 ChristianEriksen
7%
87 PASS 85 DavidSilva
7%
87 PASS 87 MarcoVerratti
7%
88 PASS 90 Andre MarcTer Stegen
0%
90 PASS 86 DanielParejo
0%
93 PASS 89 Ederson
0%
87 PASS 84 HakimZiyech
0%
90 PASS 71 ItumelengKhune
0%
91 PASS 90 ManuelNeuer
0%
88 PASS 87 Trent AlexanderArnold
0%
Nie znaleziono quizów pasujących do podanych kryteriów
Rozkład punktacji
Procent ludzi z każdym wynikiem
Percentyl według liczby udzielonych odpowiedzi
Twoja historia wyników
Nie rozwiązałeś tego quizu